000 00192 a2200097 4500
001 2317
100 _aPardoc, G
245 _aChallenge of space
260 _a
_bChatto
_c
090 _c1678
_d1678
942 _aNUST-CAE
_cM
_c7535
999 _c237390
_d237390